[Event "FRA-chT2 0910"]
[Site "France"]
[Date "2009.10.04"]
[Round "1.3"]
[White "Bouget, Alexandre"]
[Black "Bollore, Jacques"]
[Result "1-0"]
[WhiteElo "2138"]
[BlackElo "2124"]
[PlyCount "65"]
[EventDate "2009.09.27"]
[EventType "team-tourn"]
[EventRounds "11"]
[EventCountry "FRA"]
[SourceTitle "EXT 2011"]
[Source "ChessBase"]
[SourceDate "2010.11.26"]
[SourceVersion "1"]
[SourceVersionDate "2010.11.26"]
[SourceQuality "1"]

1. d4 Nf6 2. c4 e6 3. Nc3 Bb4 4. a3 Bxc3+ 5. bxc3 c5 6. f3 Qc7 7. Bg5 d6 8. e4 Nc6 9. d5 Na5 10. Bxf6 gxf6 11. Bd3 Rg8 12. Ra2 b6 13. f4 Ba6 14. Nf3 0-0-0 15. Re2 Rg4 16. Nd2 Rdg8 17. 0-0 Qd7 18. Rff2 Kb8 19. Re3 f5 20. exf5 exd5 21. f6 Nxc4 22. Re7 Qc6 23. Bxh7 d4 24. Bxg8 Rxg8 25. Nxc4 Bxc4 26. cxd4 Bd5 27. g3 c4 28. Qe1 Qc8 29. Rfe2 Bc6 30. Qb4 Bf3 31. Qxd6+ Ka8 32. R2e3 c3 33. Qc7 1-0

[Event "FRA-chT2 West 0809"]
[Site "France"]
[Date "2009.03.14"]
[Round "8.4"]
[White "Bollore, Jacques"]
[Black "Riazuelo, Gilles"]
[Result "1-0"]
[WhiteElo "2121"]
[BlackElo "2134"]
[PlyCount "113"]
[EventDate "2008.10.19"]
[EventType "tourn"]
[EventRounds "11"]
[EventCountry "FRA"]
[SourceTitle "EXT 2010"]
[Source "ChessBase"]
[SourceDate "2010.11.25"]
[SourceVersion "1"]
[SourceVersionDate "2010.11.25"]
[SourceQuality "1"]
[WhiteTeam "Quimper"]
[BlackTeam "Le Chesnay"]
[WhiteTeamCountry "FRA"]
[BlackTeamCountry "FRA"]

1. e4 c5 2. c3 Nf6 3. e5 Nd5 4. d4 cxd4 5. cxd4 d6 6. exd6 e6 7. Nc3 Bxd6 8. Nf3 0-0 9. Bd3 Be7 10. 0-0 Nc6 11. Re1 a6 12. a3 Bd7 13. Qe2 Rc8 14. Qe4 f5 15. Qe2 Bf6 16. Bc4 Nce7 17. Ba2 Kh8 18. Ng5 Nxc3 19. bxc3 Nd5 20. Qh5 Bxg5 21. Bxg5 Qe8 22. Qxe8 Rfxe8 23. c4 Nc3 24. Bb3 Ne4 25. Bf4 Nf6 26. Re2 b5 27. c5 Nd5 28. Bxd5 exd5 29. Rae1 Re4 30. Be5 Kg8 31. f3 Rxe2 32. Rxe2 Re8 33. Kf2 Kf7 34. Ke1 Re6 35. Bd6 Rxe2+ 36. Kxe2 g5 37. g3 Ke6 38. Kd2 Bc8 39. g4 fxg4 40. fxg4 Kf7 41. h3 h5 42. gxh5 Bxh3 43. Kc3 Ke6 44. Kb4 Kd7 45. Ka5 Bf5 46. Kb6 g4 47. Be5 Kc8 48. Kxa6 Bd3 49. Kb6 Be2 50. h6 Bd3 51. Bf4 Kd7 52. Kb7 Ke7 53. c6 Kf7 54. c7 Bf5 55. c8Q Bxc8+ 56. Kxc8 Kg6 57. Kd7 1-0

[Event "FRA-chT4 0304"]
[Site "Bretagne"]
[Date "2004.02.01"]
[Round "5"]
[White "Bollore, Jacques"]
[Black "Primel, Dominique"]
[Result "1/2-1/2"]
[WhiteElo "2161"]
[BlackElo "2138"]
[PlyCount "94"]
[EventDate "2003.10.12"]
[EventType "team-tourn"]
[EventRounds "9"]
[EventCountry "FRA"]
[SourceTitle "EXT 2005"]
[Source "ChessBase"]
[SourceDate "2004.11.15"]
[SourceVersion "1"]
[SourceVersionDate "2004.11.15"]
[SourceQuality "1"]

1. e4 c5 2. c3 Nf6 3. e5 Nd5 4. d4 cxd4 5. cxd4 e6 6. Nc3 Nxc3 7. bxc3 Qc7 8. Bd2 b6 9. Nf3 Bb7 10. Bd3 d6 11. exd6 Bxd6 12. 0-0 Nd7 13. Re1 0-0 14. h3 Bf4 15. Ne5 Bxd2 16. Qxd2 Rad8 17. Nxd7 Rxd7 18. Re3 Qf4 19. Qc2 h6 20. Rae1 Rc8 21. Rg3 Rdc7 22. Rg4 Qf6 23. Re3 Kh8 24. Be4 Bxe4 25. Rgxe4 Qd8 26. Rg3 Qd5 27. Reg4 f5 28. Rg6 b5 29. Qe2 Rxc3 30. Rxg7 Rxg3 31. Rxg3 Rg8 32. Qh5 Rxg3 33. Qxh6+ Kg8 34. fxg3 Qxa2 35. Qg6+ Kf8 36. Qf6+ Ke8 37. h4 Kd7 38. h5 b4 39. h6 b3 40. h7 b2 41. h8Q b1Q+ 42. Kh2 Qb7 43. Qhg7+ Kc6 44. Qgh6 Qd7 45. Qxf5 Qxd4 46. Qhxe6+ Qxe6 47. Qxe6+ Qd6 1/2-1/2

[Event "Fouesnant op 09th"]
[Site "Fouesnant"]
[Date "2003.10.28"]
[Round "5"]
[White "Bollore, Jacques"]
[Black "Delaire, Eric"]
[Result "1-0"]
[WhiteElo "2167"]
[BlackElo "1930"]
[PlyCount "57"]
[EventDate "2003.10.25"]
[EventType "swiss"]
[EventRounds "9"]
[EventCountry "FRA"]
[SourceTitle "EXT 2006"]
[Source "ChessBase"]
[SourceDate "2005.11.24"]
[SourceVersion "1"]
[SourceVersionDate "2005.11.24"]
[SourceQuality "1"]

1. e4 e5 2. d4 exd4 3. Nf3 d6 4. Nxd4 Nf6 5. Nc3 Be7 6. h3 0-0 7. g4 d5 8. e5 Ne4 9. Nxe4 dxe4 10. Bg2 Bc5 11. c3 Qe7 12. Bf4 c6 13. 0-0 f5 14. exf6 Qxf6 15. Bg3 Qh6 16. Qe2 Bxd4 17. cxd4 Be6 18. Bxe4 Nd7 19. Bg2 Nb6 20. Rfe1 Bd5 21. Qd3 Bxg2 22. Kxg2 Nd5 23. Re4 Rad8 24. Rae1 g5 25. Qb3 Kh8 26. Re6 Qg7 27. Be5 Nf6 28. Qf3 Rde8 29. Rxe8 1-0

[Event "Fouesnant op 09th"]
[Site "Fouesnant"]
[Date "2003.10.28"]
[Round "6"]
[White "Bouquin, Arnaud"]
[Black "Bollore, Jacques"]
[Result "1/2-1/2"]
[WhiteElo "1830"]
[BlackElo "2167"]
[PlyCount "82"]
[EventDate "2003.10.25"]
[EventType "swiss"]
[EventRounds "9"]
[EventCountry "FRA"]
[SourceTitle "EXT 2006"]
[Source "ChessBase"]
[SourceDate "2005.11.24"]
[SourceVersion "1"]
[SourceVersionDate "2005.11.24"]
[SourceQuality "1"]

1. e4 c5 2. Nf3 Nc6 3. d4 cxd4 4. Nxd4 Nf6 5. Nc3 e5 6. Nb3 Bb4 7. Bg5 h6 8. Bxf6 Qxf6 9. Qd2 0-0 10. a3 Bxc3 11. Qxc3 b6 12. Bc4 Bb7 13. Bd5 Rfc8 14. Qd3 a5 15. 0-0 Ba6 16. c4 a4 17. Nd2 Rab8 18. Rfe1 Nd4 19. Rac1 Rc7 20. Rc3 Rbc8 21. f4 d6 22. fxe5 dxe5 23. Rf1 Qd6 24. Nf3 Ne6 25. Nh4 g6 26. Qg3 Nf4 27. Qg4 Nxd5 28. exd5 Rxc4 29. Qf3 Rf4 30. Rxc8+ Bxc8 31. Qc3 Rxf1+ 32. Kxf1 Ba6+ 33. Ke1 Qxd5 34. Nf3 e4 35. Ne5 Qb5 36. Kf2 Qe2+ 37. Kg3 e3 38. Ng4 Bb7 39. Nf6+ Kf8 40. Qb4+ Kg7 41. Ne8+ Kg8 1/2-1/2

[Event "Fouesnant op 09th"]
[Site "Fouesnant"]
[Date "2003.10.25"]
[Round "1"]
[White "Bollore, Jacques"]
[Black "Entem, Alan"]
[Result "1-0"]
[WhiteElo "2167"]
[BlackElo "2000"]
[PlyCount "75"]
[EventDate "2003.10.25"]
[EventType "swiss"]
[EventRounds "9"]
[EventCountry "FRA"]
[SourceTitle "EXT 2006"]
[Source "ChessBase"]
[SourceDate "2005.11.24"]
[SourceVersion "1"]
[SourceVersionDate "2005.11.24"]
[SourceQuality "1"]

1. e4 e6 2. d4 d5 3. Nc3 dxe4 4. Nxe4 Nd7 5. Bd3 Ngf6 6. Qe2 Be7 7. Nf3 Nxe4 8. Bxe4 Nf6 9. Bxb7 Bxb7 10. Qb5+ Qd7 11. Qxb7 0-0 12. 0-0 a6 13. Qb3 c5 14. dxc5 Bxc5 15. c3 Rfd8 16. Bg5 Rab8 17. Qc2 Qb7 18. Bxf6 gxf6 19. b4 Be7 20. Rfd1 Rdc8 21. a3 Rc7 22. c4 a5 23. c5 axb4 24. axb4 Qc8 25. Qc3 Rcb7 26. Rd4 e5 27. Rc4 Qc6 28. Nh4 Qe6 29. g4 e4 30. Nf5 Rd8 31. c6 Rc7 32. b5 Rd3 33. Ra8+ Bf8 34. Qb4 Rc8 35. Rxc8 Qxc8 36. Qa4 Ra3 37. Qc2 Qc7 38. Qxe4 1-0

[Event "Finistere-ch"]
[Site "Finistere"]
[Date "2003.03.22"]
[Round "6"]
[White "Bollore, Jacques"]
[Black "Picart, Laurent"]
[Result "1-0"]
[WhiteElo "2184"]
[BlackElo "2083"]
[PlyCount "75"]
[EventDate "2003.10.19"]
[EventType "swiss"]
[EventRounds "7"]
[EventCountry "FRA"]
[SourceTitle "EXT 2008"]
[Source "ChessBase"]
[SourceDate "2007.11.25"]
[SourceVersion "1"]
[SourceVersionDate "2007.11.25"]
[SourceQuality "1"]

1. e4 e5 2. d4 exd4 3. Nf3 Nf6 4. e5 Ne4 5. Bb5 c6 6. Qxd4 Qa5+ 7. c3 d5 8. exd6 Nxd6 9. Bd3 Nf5 10. Qe4+ Be7 11. 0-0 Be6 12. Bf4 Nd7 13. b4 Qd8 14. Re1 0-0 15. Nbd2 Nf6 16. Qe2 Nd5 17. Be5 Bd6 18. Ne4 Bxe5 19. Nxe5 Nf4 20. Qf3 Nxd3 21. Nxd3 Nh4 22. Qf4 Nxg2 23. Kxg2 Qxd3 24. Re3 Qd5 25. Kg1 Qf5 26. Qxf5 Bxf5 27. Nd6 Be6 28. Nxb7 Rfb8 29. Na5 c5 30. bxc5 Rb5 31. Nb3 Bxb3 32. axb3 Rxb3 33. Rxa7 Rbb8 34. Rd7 Ra5 35. c6 g6 36. c7 Rf8 37. Rd8 Rc5 38. Ree8 1-0

[Event "Guingamp op 7th"]
[Site "Guingamp"]
[Date "2003.03.03"]
[Round "4"]
[White "Bodenez, Vincent"]
[Black "Bollore, Jacques"]
[Result "1-0"]
[WhiteElo "2103"]
[BlackElo "2184"]
[PlyCount "97"]
[EventDate "2003.03.02"]
[EventType "swiss"]
[EventRounds "9"]
[EventCountry "FRA"]
[SourceTitle "EXT 2004"]
[Source "ChessBase"]
[SourceDate "2003.11.25"]
[SourceVersion "1"]
[SourceVersionDate "2003.11.25"]
[SourceQuality "1"]

1. e4 c5 2. Nf3 d6 3. d4 cxd4 4. Nxd4 Nf6 5. Nc3 g6 6. Be3 Bg7 7. f3 0-0 8. Bc4 Nc6 9. Qe2 Bd7 10. 0-0-0 Na5 11. Bb3 a6 12. Qf2 b5 13. g4 Nc4 14. Bxc4 bxc4 15. g5 Nh5 16. Nde2 Rb8 17. Ng3 Bxc3 18. bxc3 Qa5 19. Nxh5 gxh5 20. Kd2 Rb2 21. Rc1 e5 22. Rhd1 Be6 23. f4 Bg4 24. Rg1 d5 25. fxe5 dxe4 26. Bd4 Rd8 27. Ke3 Rxa2 28. Qf6 Rxd4 29. Kxd4 Ra3 30. Kxe4 Qxc3 31. Rg3 Qb2 32. Rxa3 Qxc1 33. Rxa6 Qxc2+ 34. Kd4 Qd3+ 35. Kc5 Qe3+ 36. Kb4 Qb3+ 37. Ka5 Qa3+ 38. Kb6 Qb4+ 39. Kc6 Qb8 40. Kc5 c3 41. Rd6 c2 42. Rd8+ Qxd8 43. Qxd8+ Kg7 44. Qd2 Bf5 45. h4 Kf8 46. Kd6 Ke8 47. Qc3 Kf8 48. Qc7 Kg7 49. Ke7 1-0

[Event "Guingamp op 7th"]
[Site "Guingamp"]
[Date "2003.03.01"]
[Round "1"]
[White "Bollore, Jacques"]
[Black "Le Moy, Patrick"]
[Result "1-0"]
[WhiteElo "2184"]
[BlackElo "1710"]
[PlyCount "53"]
[EventDate "2003.03.02"]
[EventType "swiss"]
[EventRounds "9"]
[EventCountry "FRA"]
[SourceTitle "EXT 2004"]
[Source "ChessBase"]
[SourceDate "2003.11.25"]
[SourceVersion "1"]
[SourceVersionDate "2003.11.25"]
[SourceQuality "1"]

1. d4 Nf6 2. c4 e6 3. Nf3 d5 4. Nc3 c6 5. Bg5 Nbd7 6. g3 Be7 7. Bg2 h6 8. Bf4 0-0 9. 0-0 Nb6 10. c5 Nbd7 11. b4 a6 12. a4 Nh5 13. Bd2 Qc7 14. e4 Nhf6 15. Bf4 Qd8 16. exd5 Nxd5 17. Nxd5 exd5 18. b5 Nf6 19. bxc6 bxc6 20. Ne5 Bb7 21. Rb1 Ra7 22. Bh3 Ne4 23. Rb6 Qa8 24. Bd7 g5 25. Nxc6 Bxc5 26. dxc5 gxf4 27. Ne7+ 1-0

[Event "Fouesnant op 08th"]
[Site "Fouesnant"]
[Date "2002.11.01"]
[Round "9.7"]
[White "Ragot, Nicolas"]
[Black "Bollore, Jacques"]
[Result "0-1"]
[WhiteElo "2100"]
[BlackElo "2168"]
[PlyCount "60"]
[EventDate "2002.10.26"]
[EventType "swiss"]
[EventRounds "9"]
[EventCountry "FRA"]
[SourceTitle "EXT 2003"]
[Source "ChessBase"]
[SourceDate "2002.11.25"]
[SourceVersion "1"]
[SourceVersionDate "2002.11.25"]
[SourceQuality "1"]

1. c4 e5 2. g3 Nf6 3. Bg2 d5 4. cxd5 Nxd5 5. d3 Nc6 6. Nf3 Be7 7. 0-0 Be6 8. Nbd2 Qd7 9. a3 Bh3 10. b4 a6 11. Bb2 Bxg2 12. Kxg2 f6 13. Rc1 h5 14. h4 0-0-0 15. Ne4 g5 16. Rh1 gxh4 17. Nxh4 f5 18. Nc5 Bxc5 19. Rxc5 f4 20. gxf4 Qg4+ 21. Kf1 Nxf4 22. f3 Qe6 23. Qc2 Nd5 24. Kf2 Nd4 25. Bxd4 exd4 26. Ng2 Rhg8 27. Qc1 Qg6 28. Qg1 Qg3+ 29. Kf1 h4 30. Qh2 Qxh2 0-1

[Event "Niort op-A"]
[Site "Niort"]
[Date "2002.09.28"]
[Round "3"]
[White "Edouard, Romain"]
[Black "Bollore, Jacques"]
[Result "0-1"]
[WhiteElo "2010"]
[BlackElo "2168"]
[PlyCount "76"]
[EventDate "2002.09.??"]
[EventType "swiss"]
[EventRounds "6"]
[EventCountry "FRA"]
[SourceTitle "EXT 2004"]
[Source "ChessBase"]
[SourceDate "2003.11.25"]
[SourceVersion "1"]
[SourceVersionDate "2003.11.25"]
[SourceQuality "1"]

1. e4 c5 2. Nf3 Nc6 3. d4 cxd4 4. Nxd4 Nf6 5. Nc3 e5 6. Ndb5 d6 7. Bg5 a6 8. Na3 b5 9. Bxf6 gxf6 10. Nd5 f5 11. c3 Bg7 12. Bd3 Be6 13. 0-0 Bxd5 14. exd5 Ne7 15. c4 e4 16. Be2 Bxb2 17. Nc2 Bxa1 18. Qxa1 0-0 19. cxb5 axb5 20. Bxb5 Ra5 21. a4 Nxd5 22. Rd1 Nf4 23. Ne3 Qg5 24. Rxd6 Nh3+ 25. Kf1 Nxf2 26. Nd5 Ng4 27. Kg1 Rc8 28. h4 Qc1+ 29. Qxc1 Rxc1+ 30. Bf1 Rxd5 31. Rxd5 Rxf1+ 32. Kxf1 Ne3+ 33. Ke2 Nxd5 34. a5 f4 35. Kd2 f5 36. a6 Kf7 37. a7 Nc7 38. Kc3 Nb5+ 0-1

[Event "Niort op-A"]
[Site "Niort"]
[Date "2002.09.28"]
[Round "1"]
[White "Garaud, Alain"]
[Black "Bollore, Jacques"]
[Result "1-0"]
[WhiteElo "1910"]
[BlackElo "2168"]
[PlyCount "103"]
[EventDate "2002.09.??"]
[EventType "swiss"]
[EventRounds "6"]
[EventCountry "FRA"]
[SourceTitle "EXT 2004"]
[Source "ChessBase"]
[SourceDate "2003.11.25"]
[SourceVersion "1"]
[SourceVersionDate "2003.11.25"]
[SourceQuality "1"]

1. e4 c5 2. Nf3 Nc6 3. d4 cxd4 4. Nxd4 Nf6 5. Nc3 e5 6. Ndb5 d6 7. Bg5 a6 8. Na3 b5 9. Nd5 Be7 10. Bxf6 Bxf6 11. c3 Ne7 12. Nc2 Nxd5 13. Qxd5 Ra7 14. a4 Bb7 15. Qd3 bxa4 16. Rxa4 0-0 17. Ne3 Qa8 18. Nd5 Bd8 19. Be2 Bc6 20. Rxa6 Rxa6 21. Qxa6 Bxd5 22. exd5 Qxd5 23. 0-0 Qd2 24. b4 Qxc3 25. Qxd6 e4 26. Rd1 Bf6 27. b5 Be5 28. Qc6 e3 29. Qxc3 exf2+ 30. Kxf2 Bxc3 31. b6 Rb8 32. b7 f6 33. Rd7 Be5 34. Bc4+ Kh8 35. Bd5 h5 36. h3 Kh7 37. Be4+ Kh6 38. Kf3 g6 39. Ke3 Kg5 40. Kf3 h4 41. Bd3 Re8 42. Rg7 f5 43. Rd7 Bf4 44. Rd4 Bh2 45. Bb5 Re7 46. Bc6 Bb8 47. Rd8 Ba7 48. Rd3 Rc7 49. Re3 Bxe3 50. b8Q Bc5 51. Qd8+ Kh5 52. Kf4 1-0

[Event "FRA Cup quarterfinal1"]
[Site "Fouesnant"]
[Date "2002.04.27"]
[Round "4.3"]
[White "Bollore, Jacques"]
[Black "Hauchard, Arnaud"]
[Result "0-1"]
[WhiteElo "2153"]
[BlackElo "2518"]
[PlyCount "112"]
[EventDate "2002.04.??"]
[EventType "team-tourn"]
[EventRounds "1"]
[EventCountry "FRA"]
[SourceTitle "EXT 2005"]
[Source "ChessBase"]
[SourceDate "2004.11.15"]
[SourceVersion "1"]
[SourceVersionDate "2004.11.15"]
[SourceQuality "1"]
[WhiteTeam "Fouesnant"]
[BlackTeam "Paris NAO"]
[WhiteTeamCountry "FRA"]
[BlackTeamCountry "FRA"]

1. e4 c6 2. d4 d5 3. e5 Bf5 4. Nc3 a6 5. f4 e6 6. Bd3 Nh6 7. Nf3 c5 8. Be3 Nd7 9. Qd2 Rc8 10. Ne2 Bg4 11. Neg1 Nf5 12. c3 Nxe3 13. Qxe3 Qb6 14. Rb1 Bh5 15. Ne2 cxd4 16. cxd4 Bb4+ 17. Kf2 f6 18. h3 Bxf3 19. Qxf3 fxe5 20. Qh5+ Kd8 21. fxe5 g6 22. Qg5+ Be7 23. Qe3 Rf8+ 24. Kg3 Nxe5 25. Nf4 Nxd3 26. Nxe6+ Kd7 27. Nxf8+ Rxf8 28. Kh2 Bd6+ 29. g3 Rf2+ 30. Kg1 Rxb2 31. Rf1 Be5 32. Rf7+ Ke6 33. Rf4 Rb1+ 34. Kg2 Qb2+ 35. Rf2 Qxf2+ 36. Qxf2 Nxf2 37. Rxb1 Bxd4 38. Rxb7 h5 39. Rb4 Bc5 40. Ra4 Ne4 41. Rxa6+ Kf5 42. a4 d4 43. Ra8 d3 44. Rd8 Nd6 45. Kf3 Nf7 46. g4+ hxg4+ 47. hxg4+ Ke6 48. Re8+ Kd5 49. Re1 Ne5+ 50. Kf4 d2 51. Rd1 Bb4 52. Kg5 Ba5 53. Kf4 Kd4 54. Rb1 Nd3+ 55. Kg5 Nc1 56. Rb7 Kc3 0-1

[Event "Guingamp op 6th"]
[Site "Guingamp"]
[Date "2002.??.??"]
[Round "5"]
[White "Bollore, Jacques"]
[Black "Tholey, Jean Paul"]
[Result "0-1"]
[WhiteElo "2153"]
[BlackElo "2040"]
[PlyCount "58"]
[EventDate "2002.04.16"]
[EventType "swiss"]
[EventRounds "7"]
[EventCountry "FRA"]
[SourceTitle "EXT 2003"]
[Source "ChessBase"]
[SourceDate "2002.11.25"]
[SourceVersion "1"]
[SourceVersionDate "2002.11.25"]
[SourceQuality "1"]

1. e4 e6 2. d4 d5 3. Nc3 Nf6 4. Bg5 Bb4 5. e5 h6 6. Bd2 Bxc3 7. bxc3 Ne4 8. Qg4 g6 9. h4 c5 10. h5 g5 11. f4 f5 12. exf6 e5 13. Qe2 exf4 14. dxc5 0-0 15. g4 Ng3 16. Qd3 Rxf6 17. Bg2 Qe7+ 18. Kd1 Bxg4+ 19. Kc1 Nc6 20. Bxd5+ Be6 21. Rh2 Bxd5 22. Qxd5+ Qe6 23. Qd3 Rd8 24. Qb5 f3 25. Nh3 Ne2+ 26. Kb2 Rxd2 27. Qxb7 Qf5 28. Qb3+ Qd5 29. Qb5 Rf8 0-1

[Event "Fouesnant op 07th"]
[Site "Fouesnant"]
[Date "2001.10.30"]
[Round "6"]
[White "Bollore, Jacques"]
[Black "Caroff, Frederic"]
[Result "1-0"]
[WhiteElo "2155"]
[BlackElo "2197"]
[PlyCount "73"]
[EventDate "2001.10.27"]
[EventType "swiss"]
[EventRounds "7"]
[EventCountry "FRA"]
[SourceTitle "EXT 2003"]
[Source "ChessBase"]
[SourceDate "2002.11.25"]
[SourceVersion "1"]
[SourceVersionDate "2002.11.25"]
[SourceQuality "1"]

1. e4 c5 2. Nf3 d6 3. d4 cxd4 4. Nxd4 Nf6 5. Nc3 a6 6. Bg5 e6 7. f4 Be7 8. Qf3 Qc7 9. 0-0-0 Nbd7 10. g4 b5 11. Bxf6 Nxf6 12. g5 Nd7 13. f5 Bxg5+ 14. Kb1 Ne5 15. Qh5 Qd8 16. Rg1 Bf6 17. fxe6 0-0 18. e7 Bxe7 19. Nf5 Bxf5 20. exf5 g6 21. Bd3 Bf6 22. Ne4 d5 23. Nxf6+ Qxf6 24. Rdf1 Nxd3 25. cxd3 Kh8 26. Qh6 Qg7 27. Qh4 Rfe8 28. f6 Qg8 29. Qd4 Rad8 30. h4 h6 31. Rc1 Rc8 32. Rxc8 Rxc8 33. Re1 Qd8 34. Re7 Kg8 35. Qa7 Qa5 36. Qe3 Qa4 37. Re8+ 1-0

[Event "Fouesnant op 07th"]
[Site "Fouesnant"]
[Date "2001.10.30"]
[Round "7"]
[White "Le Roux, Jean Pierre"]
[Black "Bollore, Jacques"]
[Result "1-0"]
[WhiteElo "2329"]
[BlackElo "2155"]
[PlyCount "59"]
[EventDate "2001.10.27"]
[EventType "swiss"]
[EventRounds "7"]
[EventCountry "FRA"]
[SourceTitle "EXT 2003"]
[Source "ChessBase"]
[SourceDate "2002.11.25"]
[SourceVersion "1"]
[SourceVersionDate "2002.11.25"]
[SourceQuality "1"]

1. d4 Nf6 2. Nf3 e6 3. g3 c5 4. Bg2 cxd4 5. Nxd4 Be7 6. c4 a6 7. Nc3 Qc7 8. b3 d5 9. 0-0 dxc4 10. bxc4 Qxc4 11. Na4 Nbd7 12. e4 b5 13. Nb2 Qc7 14. e5 Nd5 15. Bxd5 exd5 16. e6 Nf6 17. exf7+ Kxf7 18. Nd3 Bg4 19. Qb3 Bd6 20. Ba3 Bxa3 21. Qxa3 Rhe8 22. Rac1 Qe7 23. Qb2 Rac8 24. Rxc8 Rxc8 25. Re1 Qd6 26. Ne5+ Kg8 27. Nxg4 Nxg4 28. Nf5 Qc7 29. Ne7+ Kf7 30. Nxd5 1-0

[Event "Fouesnant op 07th"]
[Site "Fouesnant"]
[Date "2001.10.29"]
[Round "4"]
[White "Bollore, Jacques"]
[Black "Theon, Pierre"]
[Result "0-1"]
[WhiteElo "2155"]
[BlackElo "2207"]
[PlyCount "60"]
[EventDate "2001.10.27"]
[EventType "swiss"]
[EventRounds "7"]
[EventCountry "FRA"]
[SourceTitle "EXT 2003"]
[Source "ChessBase"]
[SourceDate "2002.11.25"]
[SourceVersion "1"]
[SourceVersionDate "2002.11.25"]
[SourceQuality "1"]

1. e4 c6 2. d4 d5 3. e5 c5 4. dxc5 Nc6 5. Bb5 e6 6. Bxc6+ bxc6 7. b4 a5 8. c3 axb4 9. cxb4 Qh4 10. a3 Qe4+ 11. Qe2 Qxg2 12. Qf3 Qg6 13. Ne2 Ne7 14. Nbc3 f6 15. Bf4 Qf7 16. Nd4 g5 17. Bg3 Bg7 18. Qe3 0-0 19. f3 Ng6 20. Nxc6 Bb7 21. Na5 Rxa5 22. bxa5 fxe5 23. 0-0 d4 24. Qxg5 dxc3 25. Qe3 Nf4 26. Bxf4 Qxf4 27. Qxf4 Rxf4 28. Rab1 Rxf3 29. Rxf3 Bxf3 30. a6 Bh6 0-1

[Event "Fouesnant op 07th"]
[Site "Fouesnant"]
[Date "2001.10.27"]
[Round "1"]
[White "Jubin, Thierry"]
[Black "Bollore, Jacques"]
[Result "0-1"]
[WhiteElo "1640"]
[BlackElo "2155"]
[PlyCount "55"]
[EventDate "2001.10.27"]
[EventType "swiss"]
[EventRounds "7"]
[EventCountry "FRA"]
[SourceTitle "EXT 2003"]
[Source "ChessBase"]
[SourceDate "2002.11.25"]
[SourceVersion "1"]
[SourceVersionDate "2002.11.25"]
[SourceQuality "1"]

1. e4 c5 2. Nf3 Nc6 3. d4 cxd4 4. Nxd4 Nf6 5. Nc3 e5 6. Nf3 Bb4 7. Bc4 Bxc3+ 8. bxc3 Qa5 9. Bb2 Nxe4 10. Qd3 Nf6 11. Qd6 e4 12. 0-0 exf3 13. Rfe1+ Kd8 14. Bxf7 Qg5 15. g3 Qg4 16. c4 Qh3 17. Bxf6+ gxf6 18. Qxf6+ Kc7 19. Qxf3 Qh6 20. Qd5 b6 21. c5 bxc5 22. Qxc5 Rb8 23. Rad1 Rb6 24. Re7 Qf6 25. Rde1 Kb8 26. Re8 Rxe8 27. Bxe8 Nd4 28. Bh5 0-1